Plants and flowers of Malaysia

Bibliographic Details
Main Author: Polunin, Ivan, , 1920-
Format: Book
Published: Singapore : Times Editions , 1992
Subjects:

MARC

LEADER 00000cam a2200000 7i4500
001 0000003521
005 20060406.0
020 0 0 |a 9812328874 
090 0 0 |a 581.9595   |b POL 
100 1 0 |a Polunin, Ivan, ,   |d 1920- 
245 1 0 |a Plants and flowers of Malaysia   |c Ivan Polunin 
260 0 0 |a Singapore :   |b Times Editions ,   |c 1992 
300 |a 159p. :   |b col. ill. ;   |c 24cm. 
650 0 0 |a Botany   |x Pictorial works   |z Malaysia 
650 0 0 |a Botany   |z Malaysia 
650 0 0 |a Wild flowers   |x Identification   |z Malaysia 
650 0 0 |a Wild flowers   |x Pictorial works   |z Malaysia 
999 |a 0000006912   |b Monograph   |c Open Shelf   |e Default branch